| 000 | 01050cam a2200229 4500 | ||
|---|---|---|---|
| 001 | WB4021-04 | ||
| 008 | 040602n2004 000 0 eng u | ||
| 035 | _a(Sirsi) u126389 | ||
| 245 | _aExport recovery boosts manufacturing | ||
| 260 | _c2004 | ||
| 490 |
_aCBI News Release _v 2 June 2004 (2) |
||
| 520 | _aManufacturing recovery gathered pace as demand from home and abroad pushed total order books up to a six-year high, according to the latest CBI's "Monthly industrial trends survey". Export orders grew in May 2004 as 21% of firms said exports were above normal against 24% reporting they were below normal. The balance of minus three is the least negative since February 1996. CBI press release http://www.cbi.org.uk/ndbs/press.nsf/0363c1f07c6ca 12a8025671c00381cc7/d503100574c1008b80256e9e003b0e 41?OpenDocument. | ||
| 590 | _aWB | ||
| 590 | _aWB | ||
| 650 | _aMANUFACTURING INDUSTRY | ||
| 650 | _aEXPORT ORDERS | ||
| 650 | _aCBI SURVEY | ||
| 650 | _aRECOVERY | ||
| 650 | _aORDERS | ||
| 690 | _aECONOMIC ISSUES | ||
| 942 | _n0 | ||
| 999 |
_c117457 _d117457 |
||